Detalles MARC
| 000 -LIDER |
| fixed length control field |
01715nam a2200385 a 4500 |
| 001 - NÚMERO DE CONTROL |
| Identificador de número de control |
000024125 |
| 003 - IDENTIFICACDOR DE NÚMERO DE CONTROL |
| control field |
DO-SdBNP |
| 005 - DATE AND TIME OF LATEST TRANSACTION |
| control field |
20210326143304.0 |
| 007 - CAMPOS FIJOS DE DESCRIPCIÓN FÍSICA |
| fixed length control field |
000024125 |
| 008 - ELEMENTOS DE LONGITUD FIJA |
| fixed length control field |
110119s2013 dr b 000 0 spa d |
| 020 ## - ISBN |
| International Standard Book Number |
9789945887747 (v. 1) |
| 020 ## - ISBN |
| International Standard Book Number |
9789945887754 (v. 2) |
| 020 ## - ISBN |
| International Standard Book Number |
9789945887761 (v. 3) |
| 040 ## - FUENTE DE CATALOGACIÓN |
| Agencia que crea de manera original el registro |
BPMSU |
| Idioma de catalogación |
spa |
| Agencia que realiza la transcripción |
BPMSU |
| 082 #4 - NÚMERO DE CLASIFICACIÓN DECIMAL DE DEWEY |
| Classification number |
R 016.97293 |
| Item number |
M938b |
| 100 1# - ASIENTO PRINCIPAL -- NOMBRE PERSONAL |
| Nombre personal |
Moya Pons, Frank |
| Fechas asociadas con el nombre |
1944- |
| 245 10 - MENCIÓN DE TITULO |
| Título |
Bibliografía de la historia dominicana : |
| Subtítulo |
1730-2013 / |
| Mención de responsabilidad |
Frank Moya Pons |
| 260 ## - PUBLICACIÓN, DISTRIBUCIÓN, ETC. (PIE DE IMPRENTA) |
| Lugar de publicación, distribución, etc |
Santo Domingo : |
| Nombre del editor, distribuidor, etc. |
Academia Dominicana de la Historia, |
| Fecha de publicación, distribución, etc |
2013. |
| 300 ## - DESCRIPCIÓN FÍSICA |
| Extensión |
3 v. ; |
| Dimensiones |
23 cm. |
| 490 1# - MENCIÓN DE SERIES |
| Mención de serie |
Academia Dominicana de la Historia |
| Volume/sequential designation |
108 |
| 500 ## - NOTA GENERAL |
| Nota general |
Incluye datos biográficos del autor en la solapa de la cubierta |
| 505 0# - NOTA DE CONTENIDO |
| Información miscelánea |
v. 1 |
| Título |
Relación periódica y temática |
| Información miscelánea |
v. 2 |
| Título |
Relación cronológica |
| Información miscelánea |
v. 3 |
| Título |
Relación alfabética |
| 590 ## - NOTA LOCAL |
| Enlace |
Inventariado,2021/VM |
| 651 #4 - ENCABEZAMIENTO DE MATERIA--NOMBRE GEOGRÁFICO |
| Nombre geográfico |
República Dominicana |
| Subdivisión temática general |
Historia |
| Subdivisión cronológica |
Colonia, 1503-1844 |
| 651 #4 - ENCABEZAMIENTO DE MATERIA--NOMBRE GEOGRÁFICO |
| Nombre geográfico |
República Dominicana |
| Subdivisión temática general |
Historia |
| Subdivisión cronológica |
Anexión a España, 1861-1863 |
| Subdivisión de forma |
Bibliografía |
| 651 #4 - ENCABEZAMIENTO DE MATERIA--NOMBRE GEOGRÁFICO |
| Nombre geográfico |
República Dominicana |
| Subdivisión temática general |
Historia |
| Subdivisión cronológica |
Restauración, 1863-1865 |
| Subdivisión de forma |
Bibliografía |
| 651 #4 - ENCABEZAMIENTO DE MATERIA--NOMBRE GEOGRÁFICO |
| Nombre geográfico |
República Dominicana |
| Subdivisión temática general |
Historia |
| Subdivisión cronológica |
1730-2010 |
| Subdivisión de forma |
Bibliografía |
| 651 #4 - ENCABEZAMIENTO DE MATERIA--NOMBRE GEOGRÁFICO |
| Nombre geográfico |
República Dominicana |
| Subdivisión temática general |
Historia |
| -- |
Ocupación Norteamericana |
| Subdivisión cronológica |
1916-1924 |
| Subdivisión de forma |
Bibliografía |
| 651 #4 - ENCABEZAMIENTO DE MATERIA--NOMBRE GEOGRÁFICO |
| Nombre geográfico |
República Dominicana |
| Subdivisión temática general |
Historia |
| Subdivisión cronológica |
Era de Trujillo, 1930-1961 |
| Subdivisión de forma |
Bibliografía |
| 710 ## - ASIENTO SECUNDARIO -- NOMBRE CORPORATIVO |
| Término de relación |
Academia Dominicana de la Historia, (República Dominicana) |
| 830 ## - ASIENTO SECUNDARIO DE SERIE--TÍTULO UNIFORME |
| Nombre de la parte o sección de una obra |
Academia Dominicana de la Historia, |
| Volume number/sequential designation |
108 (República Dominicana) |
| 910 ## - VALIDACIÓN |
| Validación |
Vmateo / Validado. Control de calidad MFF |
| 942 ## - ADDED ENTRY ELEMENTS (KOHA) |
| Source of classification or shelving scheme |
Dewey Decimal Classification |
| Koha item type |
Libros |
| 945 ## - INFORMACIÓN DE PROCESAMIENTO LOCAL |
| Información de procesamiento local |
Inventariado / 2017 VM |